000 00563nam a22001697a 4500
003 MACL
005 20160716165218.0
008 160716b xxu||||| |||| 00| 0 eng d
040 _cMACL
041 _aHindi
082 _a340
100 _aखेत्रपाल, भीमसेन
_964565
245 _aविनिर्दिष्‍ट अनुतोष अधिनियम, 1963
_cभीमसेन खेत्रपाल
260 _aइन्‍दौर
_bपूजा लॉ हाउस
650 _aलॉ
_933609
942 _2ddc
_cHIN
999 _c54332
_d54332